| 000 | 00711nam a2200217 a 4500 | ||
|---|---|---|---|
| 005 | 20240228063858.0 | ||
| 008 | 070130s1986 ag r 000 0 spa d | ||
| 020 | _a9501105873 | ||
| 035 | _aUPN01000148973 | ||
| 049 | _aI | ||
| 050 | 4 |
_aBJ1857 C5 _bR6.7 |
|
| 100 | 1 | _aRomano Young, Karen | |
| 245 | 1 | 0 |
_aComo comportarse en una fiesta : _bte invito a mi fiesta... / _cRomano Young Karen ; il. de Doug Cushman ; tr. de María Laura Serrano. |
| 260 |
_aBuenos Aires : _bSigmar, _c1986. |
||
| 300 |
_c22 p. : _bil. col. |
||
| 440 | 0 | _aBuenos modales | |
| 650 | 4 |
_aETIQUETA PARA NIÑOS Y JOVENES _916370 |
|
| 650 | 4 |
_aLibros y lectura para niños _92290 |
|
| 700 | 1 |
_aCushman, Doug, _eil. |
|
| 905 | _aInfantil | ||
| 999 |
_c121114 _d121114 |
||